000 01604nam0a2200289 i 4500
001 RU\NLR\BIBL_A\011286481
005 20260408211129.0
010 _a9785990908079
_9200
021 _aRU
_b2016-88637
_95826
035 _a(NLR Aleph) 011286481
090 _a10896664
_c10896664
100 _a20161202d2016 u y0rusy50 ca
101 0 _arus
102 _aRU
105 _aa z 000zy
200 1 _aПрактические рекомендации по освоению технологии возделывания сельскохозяйственных культур без обработки почвы в засушливой зоне Ставропольского края
_fВ.К. Дридигер
_gМ-во сел. хоз-ва Ставропол. края, Федер. гос. бюджет науч. учреждение "Ставропол. науч.-исслед. ин-т сел. хоз-ва"
210 _aСтаврополь
_aСаратов
_cАмирит
_d2016
215 _a79, [1] с.
_cцв. ил.
_d21
320 _aБиблиогр.: с. 78-80 (19 назв.)
606 _aСельскохозяйственные растения
_jРуководства, пособия и т.п
_xКультура на аридных почвах без обработки
_yСтавропольский край
_92307502
_3RU\NLR\AUTH\6601607143
686 1 _aП062(2Р37-Ст)я8
686 1 _aП193(2Р37-4Ст)я8
700 1 _aДридигер
_bВ. К.
_gВиктор Корнеевич
942 _cBOOK
980 _aNBR